Powiaty ziemskie mające mniej niż dwa miasta - Statystyki

Ogólne statystyki
  • Ten quiz został rozwiązany 14 razy
  • Średni wynik to 19 z 46
Statystyki odpowiedzi
Powiat Województwo % Poprawnych
Suwalski Podlaskie
78%
Tatrzański Małopolskie
78%
Chełmiński Kujawsko-Pomorskie
67%
Tucholski Kujawsko-Pomorskie
67%
Ełcki Warmińsko-Mazurskie
56%
Głogowski Dolnośląskie
56%
Hrubieszowski Lubelskie
56%
Leski Podkarpackie
56%
Olecki Warmińsko-Mazurskie
56%
Ostrołęcki Mazowieckie
56%
Pułtuski Mazowieckie
56%
Siedlecki Mazowieckie
56%
Wąbrzeski Kujawsko-Pomorskie
56%
Gdański Pomorskie
44%
Gołdapski Warmińsko-Mazurskie
44%
Kościerski Pomorskie
44%
Łęczyński Lubelskie
44%
Łosicki Mazowieckie
44%
Milicki Dolnośląskie
44%
Mławski Mazowieckie
44%
Nidzicki Warmińsko-Mazurskie
44%
Rypiński Kujawsko-Pomorskie
44%
Sejneński Podlaskie
44%
Sierpecki Mazowieckie
44%
Skierniewicki Łódzkie
44%
Sochaczewski Mazowieckie
44%
Toruński Kujawsko-Pomorskie
44%
Węgorzewski Warmińsko-Mazurskie
44%
Wyszkowski Mazowieckie
44%
Brzozowski Podkarpackie
33%
Łańcucki Podkarpackie
33%
Łaski Łódzkie
33%
Nowomiejski Warmińsko-Mazurskie
33%
Parczewski Lubelskie
33%
Pszczyński Śląskie
33%
Rybnicki Śląskie
33%
Strzyżowski Podkarpackie
33%
Żywiecki Śląskie
33%
Bieszczadzki Podkarpackie
22%
Kędzierzyńsko-Kozielski Opolskie
22%
Kolbuszowski Podkarpackie
22%
Włodawski Lubelskie
22%
Włoszczowski Świętokrzyskie
22%
Namysłowski Opolskie
11%
Wolsztyński Wielkopolskie
11%
Zambrowski Podlaskie
11%
Nie znaleziono quizów pasujących do podanych kryteriów
Rozkład punktacji
Procent ludzi z każdym wynikiem
Percentyl według liczby udzielonych odpowiedzi
Twoja historia wyników
Nie rozwiązałeś tego quizu